Statistiken für Englische Monarchen Quiz

Klicken Sie hier um das Quiz zu spielen!

Allgemein

  • Dieses Quiz wurde 6.663 mal gespielt
    (3.758 seit der letzten Aktualisierung)
  • Das Durchschnittsergebnis liegt bei 8 aus 14

Antwortstatistiken

Name% Korrekt
Elisabeth
99%
Karl
94%
Charles
93%
Georg
76%
Heinrich
71%
Wilhelm
68%
Victoria
67%
Eduard
56%
Maria
54%
Richard
38%
Jakob
37%
Johann
37%
Anne
31%
Stephan
18%

Verteilung der Resultate

Perzentil nach korrekt beantworteten Fragen

Anzahl Personen mit jedem Resultat

Ihre Resultats-Entwicklung

Sie haben dieses Quiz seit der letzten Aktualisierung nicht gespielt